XVI Конференция молодых учёных, специалистов и студентов, посвящённая 60-летию со дня запуска первого исскусственного спутника Земли, 10 октября 2017, Москва (Запись № 12263080)

Подробности
000 -МАРКЕР
контрольное поле 02065nam0a2200313 4500
001 - ИДЕНТИФИКАТОР ЗАПИСИ
контрольное поле RU\NLR\BIBL_A\011556567
005 - ИДЕНТИФИКАТОР ВЕРСИИ
контрольное поле 20241103100356.0
010 ## - МЕЖДУНАРОДНЫЙ СТАНДАРТНЫЙ НОМЕР КНИГИ (ISBN)
Номер (ISBN) 9785902119388
021 ## - НОМЕР ГОСУДАРСТВЕННОЙ РЕГИСТРАЦИИ
Код страны Российская Федерация
Номер 2017-89371
Номер Листа государственной регистраци 6390
035 ## - ДРУГИЕ СИСТЕМНЫЕ НОМЕРА
Идентификатор записи (RuMoRGB)009463766
035 ## - ДРУГИЕ СИСТЕМНЫЕ НОМЕРА
Идентификатор записи (NLR Aleph) 011556567
100 ## - ДАННЫЕ ОБЩЕЙ ОБРАБОТКИ
Данные общей обработки 20171212d2017 k y0rusy50 ca
101 0# - ЯЗЫК РЕСУРСА
Язык текста, звукозаписи и т.д. русский
102 ## - СТРАНА ПУБЛИКАЦИИ ИЛИ ПРОИЗВОДСТВА
Страна публикации Российская Федерация
105 ## - ПОЛЕ КОДИРОВАННЫХ ДАННЫХ: ТЕКСТОВЫЕ МАТЕРИАЛЫ, МОНОГРАФИЧЕСКИЕ
Кодированные данные о монографическом текстовом документе y z 110zy
200 1# - ЗАГЛАВИЕ И СВЕДЕНИЯ ОБ ОТВЕТСТВЕННОСТИ
Основное заглавие XVI Конференция молодых учёных, специалистов и студентов, посвящённая 60-летию со дня запуска первого исскусственного спутника Земли, 10 октября 2017, Москва
Первые сведения об ответственности Совет молодых учёных и специалистов Федерального государственного бюджетного учреждения науки государственного научного центра Российской Федерации - Института медико-биологических проблем Российской академии наук
210 ## - ПУБЛИКАЦИЯ, РАСПРОСТРАНЕНИЕ И ДР.
Место издания, распространения и т.д. Москва
Имя издателя, распространителя и т. д. Институт медико-биологических проблем Российской академии наук
Дата издания, распространения и т.д. 2017
215 ## - ФИЗИЧЕСКАЯ ХАРАКТЕРИСТИКА
Специфическое обозначение материала и объем 37 с.
Размеры 21
606 ## - НАИМЕНОВАНИЕ ТЕМЫ КАК ПРЕДМЕТ
Наименование темы Космическая биология
Формальный подзаголовок Съезды, совещания и т.п
Системный номер авторитетной/нормативной записи 1151074
Идентификатор авторитетной/нормативной записи RU\NLR\AUTH\66141231
606 ## - НАИМЕНОВАНИЕ ТЕМЫ КАК ПРЕДМЕТ
Наименование темы Космическая медицина
Формальный подзаголовок Съезды, совещания и т.п
Системный номер авторитетной/нормативной записи 1032684
Идентификатор авторитетной/нормативной записи RU\NLR\AUTH\66396403
686 1# - ИНДЕКСЫ ДРУГИХ КЛАССИФИКАЦИЙ
Индекс Р87я431(2)
686 1# - ИНДЕКСЫ ДРУГИХ КЛАССИФИКАЦИЙ
Индекс Е089я431(2)
710 02 - НАИМЕНОВАНИЕ ОРГАНИЗАЦИИ - ПЕРВИЧНАЯ ОТВЕТСТВЕННОСТЬ
Начальный элемент ввода "Институт медико-биологических проблем", государственный научный центр Российской Федерации
Структурное подразделение Конференция молодых ученых, специалистов и студентов
Порядковый номер временной организации и / или порядковый номер ее части 16
Место проведения временной организации Москва
Дата проведения временной организации 2017
Системный номер авторитетной/нормативной записи 581824
Идентификатор авторитетной/нормативной записи RU\NLR\AUTH\880459513
942 ## - ДОПОЛНИТЕЛЬНЫЕ ЭЛЕМЕНТЫ ЗАПИСИ (АБИС)
Тип экземпляра АБИС Книга
980 ## - КОЛЛЕКЦИЯ
Название коллекции НБР

Нет доступных экземпляров.